| 000 | 00557nam a2200205Ia 4500 | ||
|---|---|---|---|
| 005 | 20230706153927.0 | ||
| 008 | 131103s9999 xx 000 0 und d | ||
| 040 | _aLoreto College | ||
| 041 | _aEnglish | ||
| 082 |
_a950 _bHAL |
||
| 100 | _aHall,D.G.E. | ||
| 245 | 2 |
_aA History of South-East Asia _cD.G.E.Hall |
|
| 250 | _a3rd ed. | ||
| 260 |
_aLondon _bMacmillan _c1998 |
||
| 300 |
_axxiv,1019 p. _b ill.,maps |
||
| 504 | _aIncludes bibliographical references and index | ||
| 650 | _aAsia (South - East) - History | ||
| 850 | _aLCLIB | ||
| 942 | _cBK | ||
| 999 |
_c8002 _d58481 |
||